00490pab a2200157 454500008004000000100002500040245004000065260000900105300001100114362001400125650002200139773004000161909001000201999001700211952010400228180718b1985 xxu||||| |||| 00| 0 eng d aSharma, Sudesh Kumar aPublic policy and rural development c1985 a117-24 aJan.-Mar. aRural Development aIndian Journal of Political Science a17407 c17407d17407 00104070aIIPAbIIPAd2018-07-19hVolume no: 46, Issue no: 1pAR17467r2018-07-19w2018-07-19yAR